Geografía económica /

Guardado en:
Autor Principal: Jones, Clarence Fielden
Formato: Libro
Publicado: México : Fondo de Cultura Económica, 1964
Edición:7a. ed.
Materias:
Etiquetas: Agregar Etiqueta
Sin Etiquetas, Sea el primero en etiquetar este registro!
LEADER 00680nam a22002295a 4500
001 CEM.cems003507
005 19000101000000.0
008 130507s1964##################000#0#####d
003 CEMS
082 0 4 |a 330.9 
100 1 |a Jones, Clarence Fielden 
245 1 0 |a Geografía económica / 
250 |a 7a. ed. 
260 |a México :  |b Fondo de Cultura Económica,  |c 1964 
300 |a 722 p. 
505 0 |a mundial. Transporte; Regiones comerciales del mundo, comercio exterior de los Estados Unidos 
653 |a Agricultura 
653 |a Caza 
653 |a Comercio 
653 |a Demografia 
653 |a Economia mundial 
859 |a CEMS  |b BIB. CEMS - 11 de abril  |h 330.9  |i J712  |p 1128.73  |t Ej.1